Mobs de Minecraft - Statistics

Estatísticas Gerais
  • Esse quiz foi jogado 666 vezes
  • A pontuação média é 45 de 77
Estatísticas das Respostas
Descrição Criatura % Correto
Criatura voadora que vive em colmeias Abelha
99%
Vive nas vilas e faz trocas Aldeão
96%
Artrópode que escala paredes Aranha
93%
Zumbi aquático que pode carregar tridentes Afogado
91%
Montaria mais eficiente do jogo Cavalo
84%
Símbolo do jogo, explode Creeper
84%
Criatura esquelética que atira com arco e flecha Esqueleto
84%
Peixe que envenena o jogador se comido Baiacu
83%
Versão zumbificada do anterior Aldeão Zumbi
81%
Vive no pântano e faz poções Bruxa
81%
Boss final do jogo Ender Dragon
79%
Animal que dá carne e leite Vaca
79%
Criatura de fogo encontrada na Fortaleza Blaze
78%
Criatura alta que mora no Fim Enderman
78%
Vive no mar e acelera a velocidade de nado do jogador Golfinho
77%
Animal pequeno que pula e come cenouras Coelho
76%
Criatura com penas que bota ovos Galinha
76%
Mob mais comum do jogo Zumbi
76%
Pode carregar baús e servir de montaria Burro
75%
Animal que assusta os Creepers e come peixes Gato
75%
Versão esquelética do acima Cavalo Esqueleto
74%
Criatura rosa que deu origem ao creeper Porco
74%
Possui lã e pode nascer rosa Ovelha
73%
Fantasmas grandes que cospem bolas de fogo Ghast
70%
Criatura de ferro que protege as vilas Golem de Ferro
70%
Vive no mar e dropa tinta Lula
70%
Versão zumbificada do acima Cavalo Zumbi
69%
Ataca com cuspes e pode ser enfeitado com carpetes Lhama
69%
Pode ser domesticado e ajuda em combate Lobo
69%
Peixe que pode ser carregado em um balde Salmão
68%
Criatura gosmenta e cúbica que pula Slime
68%
Vive nas montanhas e dá cabeçadas Cabra
67%
Habita as selvas e come bambu Panda
66%
Filhote do sapo Girino
65%
Vive nos pântanos e pula Sapo
65%
Vive nas cavernas e voa Morcego
64%
Ave colorida que habita as selvas Papagaio
62%
Variante brilhante do anterior Lula Brilhante
61%
Criatura aquática que ajuda o jogador em combate Axolote
60%
Versão selvagem do gato que habita as selvas Jaguatirica
60%
Homem porco que vive no Nether Piglin
60%
Criatura azul e voadora que carrega itens Assistente
59%
Vive na água, bota ovos e tem casco Tartaruga
59%
Pode ser montado por 2 jogadores Camelo
58%
Protege os Monumentos Oceânicos Guardião
58%
Criatura cúbica que vive no Nether Cubo de Magma
56%
Boss do jogo, atira cabeças Wither
56%
Criatura forte e cega que vive nas Cidades Ancestrais Warden
55%
Fruto da cruza entre um cavalo e um burro Mula
54%
Criatura de neve com cabeça de abóbora Golem de Neve
53%
Criatura que ataca caso o jogador não durma Phanton
53%
Vive nas torres e carrega uma besta Saqueador
52%
Versão venenosa do anterior Aranha das Cavernas
51%
Criatura pequena que se esconde em pedras Traça
51%
Quadrúpede grande que vive no Nether Hoglin
50%
Habita as mansões, invoca presas e dropa o Totem da Imortalidade Invocador
50%
Criatura esquelética de cor preta que carrega espada Esqueleto Wither
49%
Peixe que pode vir em inúmeras variantes Peixe Tropical
46%
Pode ser spawnado após o player jogar uma Pérola do Fim Endermite
45%
Vive nas cidades do Fim e te faz levitar Shulker
44%
Animal encontrado nos Campos de Cogumelo Coguvaca
43%
Vive na neve e pode ser hostil Urso Polar
42%
Criatura astuta que caça e tem uma variante de neve Raposa
39%
Criatura que escava e fareja sementes ancestrais Farejador
38%
Peixe que pode ser carregado em um balde Bacalhau
35%
Versão zumbificada do anterior Piglin Zumbi
35%
Caminha sobre a lava do Nether Vagante
34%
Versão mais forte do anterior Piglin Bruto
31%
Versão do esqueleto encontrada na neve Stray
31%
É invocado pelo invocador Vex
28%
Versão zumbificada do Hoglin Zoglin
24%
Rápido e carrega um machado Vingador
23%
Versão do deserto do acima Zumbi-Múmia
22%
Montaria dos Illagers Devastador
20%
Andarilho que carrega consigo 2 lhamas Vendedor Ambulante
16%
Variante maior e mais forte do acima, causa fadiga Guardião Mestre
11%
Criatura rara que é gerada em tempestades Cavaleiro Esqueleto
4%
Nenhum quiz correspondente encontrado
Distribuição das Pontuações
Porcentagem de Pessoas com Cada Pontuação
Percentil de Números Respondidos
Sua Pontuação Histórica
Você não jogou esse quiz